[Event "Tradewise Gibraltar Masters 16th"]
[Site "Gibraltar"]
[Date "2018.01.29"]
[Round "7.16"]
[White "Motylev, Alexander"]
[Black "Mikhalevski, Victor"]
[Result "1/2-1/2"]
[WhiteElo "2673"]
[BlackElo "2538"]
[PlyCount "107"]
[EventDate "2018.01.23"]
[EventType "swiss"]
[EventRounds "10"]
[EventCountry "GGB"]
[SourceTitle "BritBase"]
[Source "www.saund.co.uk"]
[SourceDate "2018.02.10"]
[SourceVersion "1"]
[SourceVersionDate "2018.02.10"]
[SourceQuality "1"]

1. e4 e5 2. Nf3 Nc6 3. Bb5 a6 4. Ba4 Nf6 5. O-O Nxe4 6. d4 b5 7. Bb3 d5 8. dxe5
Be6 9. c3 Be7 10. Bf4 O-O 11. Nd4 Nxd4 12. cxd4 f6 13. Nd2 Nxd2 14. Qxd2 c6 15.
Rac1 Rc8 16. exf6 Bxf6 17. Bc2 Qd7 18. Bg5 Bxg5 19. Qxg5 Bf5 20. Bxf5 Qxf5 21.
Qxf5 Rxf5 22. g3 Rf3 23. Rfd1 Kf7 24. Kg2 Rf6 25. Rd3 Re8 26. Rc2 a5 27. Ra3 a4
28. b3 axb3 29. axb3 g5 30. Ra7+ Kg6 31. Rc7 Ree6 32. Rc8 g4 33. h3 h5 34. h4
Kf5 35. Rh8 Ke4 36. Rd2 Rh6 37. Rf8 Rhf6 38. Ra8 Rh6 39. b4 Rhf6 40. Rh8 Rh6
41. Rf8 Rhf6 42. Ra8 Rh6 43. Ra3 Kf5 44. f3 Rhf6 45. Rf2 Kg6 46. fxg4 hxg4 47.
Rxf6+ Kxf6 48. Ra2 Re3 49. Rf2+ Kg6 50. Rf4 Kh5 51. Rf5+ Kh6 52. Kf2 Rd3 53.
Rf6+ Kh5 54. Rf5+ 1/2-1/2

[Event "Tradewise Gibraltar Masters 16th"]
[Site "Gibraltar"]
[Date "2018.01.29"]
[Round "7.17"]
[White "Iturrizaga Bonelli, Eduardo"]
[Black "Steinberg, Nitzan"]
[Result "1/2-1/2"]
[WhiteElo "2650"]
[BlackElo "2512"]
[PlyCount "90"]
[EventDate "2018.01.23"]
[EventType "swiss"]
[EventRounds "10"]
[EventCountry "GGB"]
[SourceTitle "BritBase"]
[Source "www.saund.co.uk"]
[SourceDate "2018.02.10"]
[SourceVersion "1"]
[SourceVersionDate "2018.02.10"]
[SourceQuality "1"]

1. c4 c6 2. e4 d5 3. exd5 cxd5 4. cxd5 Nf6 5. Nc3 Nxd5 6. Nf3 Nc6 7. Bb5 e6 8.
O-O Be7 9. d4 O-O 10. Qe2 Bd7 11. Rd1 Rc8 12. Nxd5 exd5 13. Ne5 Nxe5 14. dxe5
d4 15. Bd3 g6 16. b3 Qb6 17. Bb2 Rfd8 18. Rac1 Rxc1 19. Rxc1 Be6 20. f4 h5 21.
h3 h4 22. Kh2 Qa5 23. a3 Bxb3 24. f5 Bg5 25. Rf1 Be3 26. fxg6 Qxe5+ 27. Kh1
fxg6 28. Bxg6 Bd5 29. Qg4 Qg5 30. Qxg5 Bxg5 31. Bxd4 Bc4 32. Rf5 Rxd4 33. Rxg5
Kf8 34. Rg4 Rxg4 35. hxg4 Kg7 36. Be4 b5 37. g5 a5 38. Kh2 Be6 39. Bc2 b4 40.
axb4 axb4 41. g3 h3 42. Bd1 Kg6 43. g4 Kxg5 44. Kxh3 b3 45. Bxb3 Bxg4+ 1/2-1/2

[Event "Tradewise Gibraltar Masters 16th"]
[Site "Gibraltar"]
[Date "2018.01.29"]
[Round "7.18"]
[White "Akobian, Varuzhan"]
[Black "Gagare, Shardul"]
[Result "1-0"]
[WhiteElo "2647"]
[BlackElo "2494"]
[PlyCount "71"]
[EventDate "2018.01.23"]
[EventType "swiss"]
[EventRounds "10"]
[EventCountry "GGB"]
[SourceTitle "BritBase"]
[Source "www.saund.co.uk"]
[SourceDate "2018.02.10"]
[SourceVersion "1"]
[SourceVersionDate "2018.02.10"]
[SourceQuality "1"]

1. d4 Nf6 2. c4 e6 3. Nc3 Bb4 4. Qc2 c5 5. dxc5 O-O 6. a3 Bxc5 7. Nf3 b6 8. Bf4
Bb7 9. Rd1 Nc6 10. e3 h6 11. Be2 Nh5 12. Bd6 Bxd6 13. Rxd6 Qe7 14. Qd2 Nf6 15.
O-O Na5 16. b4 Nb3 17. Qd3 e5 18. Rxf6 e4 19. Qc2 Qxf6 20. Ne1 Nd4 21. exd4
Qxd4 22. Qb3 f5 23. Nc2 Qf6 24. f4 Kh8 25. Ne3 Qd4 26. Nb5 Qf6 27. Rd1 Bc6 28.
Nd6 g5 29. fxg5 Qxg5 30. Qc3+ Kh7 31. b5 Rad8 32. bxc6 dxc6 33. Ndxf5 Rxd1+ 34.
Bxd1 Rxf5 35. Nxf5 Qxf5 36. Qe3 1-0

[Event "Tradewise Gibraltar Masters 16th"]
[Site "Gibraltar"]
[Date "2018.01.29"]
[Round "7.19"]
[White "Moroni, Luca Jr"]
[Black "Sethuraman, SP."]
[Result "0-1"]
[WhiteElo "2547"]
[BlackElo "2646"]
[PlyCount "96"]
[EventDate "2018.01.23"]
[EventType "swiss"]
[EventRounds "10"]
[EventCountry "GGB"]
[SourceTitle "BritBase"]
[Source "www.saund.co.uk"]
[SourceDate "2018.02.10"]
[SourceVersion "1"]
[SourceVersionDate "2018.02.10"]
[SourceQuality "1"]

1. d4 Nf6 2. c4 d6 3. Nf3 g6 4. g3 Bg7 5. Bg2 O-O 6. Nc3 Nbd7 7. O-O e5 8. e4
Re8 9. h3 exd4 10. Nxd4 Nc5 11. Re1 Bd7 12. Rb1 h6 13. b4 Ne6 14. Nf3 Nh5 15.
Bb2 a5 16. a3 axb4 17. axb4 Ng5 18. Nxg5 hxg5 19. Nd5 Be5 20. c5 Be6 21. Bxe5
dxe5 22. Qc1 c6 23. Nb6 Ra2 24. Rd1 Qf6 25. Rb2 Rxb2 26. Qxb2 Rd8 27. Rd2 Rd4
28. b5 Qd8 29. Rxd4 exd4 30. bxc6 bxc6 31. Qd2 d3 32. Bf1 Qd4 33. Qxd3 Qxc5 34.
Nc4 Nf6 35. Nd2 g4 36. hxg4 Nxg4 37. Qe2 Ne5 38. Kg2 Qc3 39. f4 Ng4 40. Qd3 Qc5
41. Qe2 Ne3+ 42. Kh2 Qd4 43. Kh1 c5 44. Bg2 c4 45. Nf3 Qxe4 46. Ne5 Qb1+ 47.
Kh2 Nxg2 48. Qxg2 c3 0-1

[Event "Tradewise Gibraltar Masters 16th"]
[Site "Gibraltar"]
[Date "2018.01.29"]
[Round "7.20"]
[White "Epishin, Vladimir"]
[Black "Edouard, Romain"]
[Result "1-0"]
[WhiteElo "2536"]
[BlackElo "2613"]
[PlyCount "109"]
[EventDate "2018.01.23"]
[EventType "swiss"]
[EventRounds "10"]
[EventCountry "GGB"]
[SourceTitle "BritBase"]
[Source "www.saund.co.uk"]
[SourceDate "2018.02.10"]
[SourceVersion "1"]
[SourceVersionDate "2018.02.10"]
[SourceQuality "1"]

1. d4 d5 2. Nf3 Nf6 3. c4 dxc4 4. e3 e6 5. Bxc4 c5 6. O-O a6 7. Be2 cxd4 8.
Nxd4 e5 9. Nf3 Qxd1 10. Rxd1 Nc6 11. b3 e4 12. Nd4 Bd7 13. Bb2 Be7 14. Nd2 O-O
15. Nc4 Rad8 16. Kf1 b5 17. Nxc6 Bxc6 18. Ne5 Bb7 19. a4 Rxd1+ 20. Rxd1 bxa4
21. bxa4 Rd8 22. Rb1 Nd5 23. Ba3 Bxa3 24. Rxb7 Nc3 25. g4 Nxe2 26. Kxe2 Bf8 27.
Ra7 Rd6 28. Nd7 f6 29. a5 Rd5 30. Nxf8 Kxf8 31. Rxa6 h5 32. gxh5 Rxh5 33. Ra8+
Kf7 34. a6 Ra5 35. Kf1 Kg6 36. Kg2 Kf5 37. h3 Ra1 38. Ra7 g6 39. Ra8 Kg5 40. a7
Kf5 41. f3 exf3+ 42. Kxf3 Rf1+ 43. Ke2 Ra1 44. h4 Kg4 45. h5 Ra2+ 46. Kd3 Ra3+
47. Kd2 Ra2+ 48. Kc3 gxh5 49. Rg8+ Kf3 50. a8=Q+ Rxa8 51. Rxa8 Kxe3 52. Rf8 Kf3
53. Rxf6+ Kg3 54. Kd2 h4 55. Ke2 1-0

[Event "Tradewise Gibraltar Masters 16th"]
[Site "Gibraltar"]
[Date "2018.01.29"]
[Round "7.21"]
[White "Swapnil, S. Dhopade"]
[Black "Bindrich, Falko"]
[Result "1/2-1/2"]
[WhiteElo "2533"]
[BlackElo "2605"]
[PlyCount "61"]
[EventDate "2018.01.23"]
[EventType "swiss"]
[EventRounds "10"]
[EventCountry "GGB"]
[SourceTitle "BritBase"]
[Source "www.saund.co.uk"]
[SourceDate "2018.02.10"]
[SourceVersion "1"]
[SourceVersionDate "2018.02.10"]
[SourceQuality "1"]

1. Nf3 d5 2. g3 Bg4 3. Bg2 e6 4. O-O Nf6 5. c4 c6 6. h3 Bh5 7. d4 Nbd7 8. cxd5
exd5 9. Qb3 Qb6 10. Qe3+ Be7 11. Nh4 Bg6 12. Nxg6 hxg6 13. Nc3 Qd8 14. b4 O-O
15. b5 Re8 16. bxc6 bxc6 17. Qd3 Bb4 18. Bd2 Qe7 19. e3 Nb6 20. Rfb1 Bd6 21.
Re1 Nc4 22. e4 Nxd2 23. Qxd2 dxe4 24. Nxe4 Nxe4 25. Rxe4 Qd7 26. Rxe8+ Rxe8 27.
Rc1 Rd8 28. Qe3 Bc7 29. Bxc6 Qxd4 30. Qxd4 Rxd4 31. Rc2 1/2-1/2

[Event "Tradewise Gibraltar Masters 16th"]
[Site "Gibraltar"]
[Date "2018.01.29"]
[Round "7.22"]
[White "Svane, Rasmus"]
[Black "Debashis, Das"]
[Result "1/2-1/2"]
[WhiteElo "2595"]
[BlackElo "2501"]
[PlyCount "64"]
[EventDate "2018.01.23"]
[EventType "swiss"]
[EventRounds "10"]
[EventCountry "GGB"]
[SourceTitle "BritBase"]
[Source "www.saund.co.uk"]
[SourceDate "2018.02.10"]
[SourceVersion "1"]
[SourceVersionDate "2018.02.10"]
[SourceQuality "1"]

1. Nf3 Nf6 2. g3 d5 3. Bg2 c6 4. O-O Bg4 5. h3 Bh5 6. c4 e6 7. d3 Be7 8. Qb3
Qc8 9. cxd5 cxd5 10. g4 Bg6 11. Bf4 Nc6 12. Rc1 Nd7 13. Nc3 O-O 14. Nb5 Nc5 15.
Qc3 Qd7 16. Be3 Na6 17. Nbd4 Nxd4 18. Bxd4 f6 19. Qb3 Bf7 20. a4 Bd6 21. Be3 e5
22. Nh4 Nb4 23. d4 Rfc8 24. Bd2 Nc6 25. dxe5 Bxe5 26. Nf3 Re8 27. Rd1 Bd6 28.
e3 d4 29. Qd3 Bg6 30. Qc4+ Bf7 31. Qd3 Bg6 32. Qc4+ Bf7 1/2-1/2

[Event "Tradewise Gibraltar Masters 16th"]
[Site "Gibraltar"]
[Date "2018.01.29"]
[Round "7.23"]
[White "Praggnanandhaa, R."]
[Black "Gopal, Geetha Narayanan"]
[Result "1-0"]
[WhiteElo "2515"]
[BlackElo "2593"]
[PlyCount "105"]
[EventDate "2018.01.23"]
[EventType "swiss"]
[EventRounds "10"]
[EventCountry "GGB"]
[SourceTitle "BritBase"]
[Source "www.saund.co.uk"]
[SourceDate "2018.02.10"]
[SourceVersion "1"]
[SourceVersionDate "2018.02.10"]
[SourceQuality "1"]

1. e4 c5 2. Nf3 d6 3. d4 cxd4 4. Nxd4 Nf6 5. Nc3 a6 6. a3 Nc6 7. Bc4 e6 8. Ba2
Be7 9. O-O O-O 10. Be3 Qc7 11. f4 Nxd4 12. Bxd4 e5 13. Be3 b5 14. f5 Bb7 15.
Qd3 h6 16. h3 Rac8 17. Bf2 a5 18. Bb3 Bc6 19. Bh4 Rfd8 20. Bxf6 Bxf6 21. Kh1
Rb8 22. Nd5 Bxd5 23. Bxd5 Qb6 24. c3 Rdc8 25. Rfd1 Rc5 26. Bb3 Rd8 27. g3 Rc7
28. Kg2 Qc5 29. h4 Qb6 30. Rd2 Qb7 31. Kh3 Rdc8 32. Rad1 Rc5 33. Qf3 Be7 34.
Rf1 Qd7 35. Kg2 Qb7 36. Bd5 Qd7 37. Bb3 Qc7 38. Qh5 Bf6 39. Rfd1 Rc6 40. Kh3 b4
41. cxb4 axb4 42. a4 Rf8 43. g4 Qb6 44. Re2 d5 45. Bxd5 Rd6 46. g5 Bd8 47. g6
Kh8 48. gxf7 Bf6 49. Kh2 Qd8 50. Rg2 Bxh4 51. Rdg1 Bf6 52. Rg6 Bh4 53. Rxg7 1-0

[Event "Tradewise Gibraltar Masters 16th"]
[Site "Gibraltar"]
[Date "2018.01.29"]
[Round "7.24"]
[White "Buhmann, Rainer"]
[Black "Cuenca Jimenez, Jose Fernando"]
[Result "1/2-1/2"]
[WhiteElo "2587"]
[BlackElo "2489"]
[PlyCount "121"]
[EventDate "2018.01.23"]
[EventType "swiss"]
[EventRounds "10"]
[EventCountry "GGB"]
[SourceTitle "BritBase"]
[Source "www.saund.co.uk"]
[SourceDate "2018.02.10"]
[SourceVersion "1"]
[SourceVersionDate "2018.02.10"]
[SourceQuality "1"]

1. d4 Nf6 2. c4 e6 3. Nc3 Bb4 4. e3 b6 5. Nge2 c5 6. a3 Ba5 7. Rb1 Na6 8. Ng3
Bb7 9. f3 O-O 10. Kf2 Bxc3 11. bxc3 d5 12. Bb2 Rc8 13. cxd5 cxd4 14. Qxd4 Qxd5
15. Be2 Nc5 16. c4 Qc6 17. Rhd1 Ne8 18. Qg4 f6 19. Bd4 Rf7 20. Bxc5 f5 21. Qd4
Qxc5 22. a4 Rfc7 23. Qf4 Ba6 24. Rbc1 Nf6 25. Rd2 Bb7 26. Rcd1 Kf7 27. Qh4 Qe7
28. Kg1 Bc6 29. a5 bxa5 30. Nh5 Nxh5 31. Qxh5+ Kg8 32. g4 Rf8 33. gxf5 exf5 34.
Kf2 Rd7 35. Rxd7 Bxd7 36. h4 Bc6 37. Qg5 Qc7 38. Rg1 Kh8 39. Qg3 f4 40. exf4
Rxf4 41. Rd1 Qb6+ 42. Kf1 Rf8 43. Qd6 Re8 44. c5 Qb7 45. Kf2 Qc8 46. Rg1 Re6
47. Qd4 Qc7 48. Bc4 Rf6 49. Bd5 Bxd5 50. Qxd5 Qh2+ 51. Kf1 Qf4 52. Kg2 h6 53.
Re1 Kh7 54. Qe4+ Rg6+ 55. Kf2 Qg3+ 56. Ke2 h5 57. Rd1 Kh6 58. Qe3+ Kh7 59. Qe4
Kh6 60. Qe3+ Kh7 61. Qe4 1/2-1/2

[Event "Tradewise Gibraltar Masters 16th"]
[Site "Gibraltar"]
[Date "2018.01.29"]
[Round "7.25"]
[White "Batsiashvili, Nino"]
[Black "Donchenko, Alexander"]
[Result "1/2-1/2"]
[WhiteElo "2504"]
[BlackElo "2580"]
[PlyCount "60"]
[EventDate "2018.01.23"]
[EventType "swiss"]
[EventRounds "10"]
[EventCountry "GGB"]
[SourceTitle "BritBase"]
[Source "www.saund.co.uk"]
[SourceDate "2018.02.10"]
[SourceVersion "1"]
[SourceVersionDate "2018.02.10"]
[SourceQuality "1"]

1. d4 Nf6 2. c4 e6 3. Nc3 Bb4 4. Qc2 O-O 5. Nf3 c5 6. dxc5 Na6 7. g3 Nxc5 8.
Bg2 Nce4 9. O-O Nxc3 10. bxc3 Be7 11. e4 d6 12. e5 dxe5 13. Nxe5 Qc7 14. Qe2
Nd7 15. Bf4 Nxe5 16. Bxe5 Bd6 17. Rfe1 Rb8 18. Rad1 Bxe5 19. Qxe5 Qxe5 20. Rxe5
b6 21. c5 f6 22. cxb6 axb6 23. Re4 e5 24. Rb4 Be6 25. Rd6 Kf7 26. Bd5 Bxd5 27.
Rxd5 Rfe8 28. a4 Rbc8 29. Rxb6 Rxc3 30. Rd7+ Re7 1/2-1/2

[Event "Tradewise Gibraltar Masters 16th"]
[Site "Gibraltar"]
[Date "2018.01.29"]
[Round "7.26"]
[White "Gunina, Valentina"]
[Black "Tregubov, Pavel V"]
[Result "0-1"]
[WhiteElo "2502"]
[BlackElo "2575"]
[PlyCount "78"]
[EventDate "2018.01.23"]
[EventType "swiss"]
[EventRounds "10"]
[EventCountry "GGB"]
[SourceTitle "BritBase"]
[Source "www.saund.co.uk"]
[SourceDate "2018.02.10"]
[SourceVersion "1"]
[SourceVersionDate "2018.02.10"]
[SourceQuality "1"]

1. e4 c5 2. Nf3 Nc6 3. Bb5 Nf6 4. Bxc6 dxc6 5. d3 Bg4 6. Nbd2 Nd7 7. h3 Bh5 8.
g4 Bg6 9. Nh4 e6 10. Ndf3 Be7 11. Nxg6 hxg6 12. Qe2 e5 13. Bd2 Qc7 14. O-O-O
Nf8 15. h4 Ne6 16. Bc3 Bd6 17. Qe3 Nf4 18. h5 gxh5 19. gxh5 O-O-O 20. Rdg1 f6
21. Nd2 Qf7 22. Nc4 Bf8 23. Qf3 Rxh5 24. Bd2 Rxh1 25. Rxh1 b5 26. Bxf4 exf4 27.
Nd2 Qxa2 28. c4 Qa1+ 29. Kc2 Qa4+ 30. Kb1 Qb4 31. Kc1 Bd6 32. Rh7 Be5 33. Qg4+
Rd7 34. Rxg7 Qxb2+ 35. Kd1 f5 36. Rg8+ Kb7 37. Qf3 Bc3 38. Qxf4 Qxd2+ 39. Qxd2
Bxd2 0-1

[Event "Tradewise Gibraltar Masters 16th"]
[Site "Gibraltar"]
[Date "2018.01.29"]
[Round "7.27"]
[White "Saduakassova, Dinara"]
[Black "Narayanan, SL."]
[Result "0-1"]
[WhiteElo "2470"]
[BlackElo "2573"]
[PlyCount "62"]
[EventDate "2018.01.23"]
[EventType "swiss"]
[EventRounds "10"]
[EventCountry "GGB"]
[SourceTitle "BritBase"]
[Source "www.saund.co.uk"]
[SourceDate "2018.02.10"]
[SourceVersion "1"]
[SourceVersionDate "2018.02.10"]
[SourceQuality "1"]

1. d4 d5 2. c4 e6 3. Nc3 Bb4 4. a3 Bxc3+ 5. bxc3 Nf6 6. e3 O-O 7. Bd3 dxc4 8.
Bxc4 c5 9. Ne2 Qc7 10. Bd3 e5 11. O-O Nc6 12. Bb2 e4 13. Bb1 Na5 14. Ng3 Re8
15. a4 Bg4 16. f3 exf3 17. gxf3 Bh3 18. Re1 Rad8 19. Bc1 Qb6 20. Bd3 Qe6 21.
Rb1 h5 22. Rb2 h4 23. Ne4 Nxe4 24. Bxe4 Nc4 25. Rf2 Bf5 26. Bxf5 Qxf5 27. e4
Qf6 28. d5 Qxc3 29. Rc2 Qb4 30. Qe2 Ne5 31. Bg5 Qxe1+ 0-1

[Event "Tradewise Gibraltar Masters 16th"]
[Site "Gibraltar"]
[Date "2018.01.29"]
[Round "7.29"]
[White "Martinez Martin, David"]
[Black "Lagno, Kateryna"]
[Result "0-1"]
[WhiteElo "2399"]
[BlackElo "2556"]
[PlyCount "76"]
[EventDate "2018.01.23"]
[EventType "swiss"]
[EventRounds "10"]
[EventCountry "GGB"]
[SourceTitle "BritBase"]
[Source "www.saund.co.uk"]
[SourceDate "2018.02.10"]
[SourceVersion "1"]
[SourceVersionDate "2018.02.10"]
[SourceQuality "1"]

1. Nf3 Nf6 2. c4 g6 3. Nc3 Bg7 4. e4 d6 5. d4 O-O 6. h3 e5 7. d5 Na6 8. Be3 Nh5
9. Nd2 Qe8 10. c5 Nxc5 11. Nb3 Nxb3 12. Qxb3 c5 13. dxc6 bxc6 14. O-O-O Qe7 15.
Qa3 Rd8 16. Ba6 Be6 17. Rd2 Nf4 18. f3 Qc7 19. Kb1 d5 20. Bc5 dxe4 21. Bd6 Rxd6
22. Qxd6 Qb6 23. Qa3 e3 24. Rc2 Rd8 25. Ne4 Rd4 26. Rhc1 Bd5 27. Ka1 Bxe4 28.
fxe4 Bf8 29. Qxe3 Qxa6 30. Rxc6 Qb5 31. R6c3 Nxg2 32. Qf2 Nf4 33. Rc7 a5 34. h4
Rxe4 35. Qa7 Nd3 36. Rb1 Ra4 37. b3 Rxa2+ 38. Kxa2 Qb4 0-1

[Event "Tradewise Gibraltar Masters 16th"]
[Site "Gibraltar"]
[Date "2018.01.29"]
[Round "7.30"]
[White "Paramzina, Anastasya"]
[Black "Vasquez Schroeder, Rodrigo"]
[Result "1/2-1/2"]
[WhiteElo "2225"]
[BlackElo "2554"]
[PlyCount "133"]
[EventDate "2018.01.23"]
[EventType "swiss"]
[EventRounds "10"]
[EventCountry "GGB"]
[SourceTitle "BritBase"]
[Source "www.saund.co.uk"]
[SourceDate "2018.02.10"]
[SourceVersion "1"]
[SourceVersionDate "2018.02.10"]
[SourceQuality "1"]

1. e4 e5 2. Nf3 Nc6 3. Bc4 Bc5 4. d3 Nf6 5. O-O a6 6. c3 Ba7 7. Bb3 d6 8. Re1
Ne7 9. d4 Ng6 10. h3 O-O 11. Nbd2 b5 12. Nf1 c5 13. Ng3 Bb7 14. a4 exd4 15.
cxd4 Re8 16. Ng5 c4 17. Bc2 h6 18. Nf3 b4 19. a5 b3 20. Bb1 d5 21. e5 Ne4 22.
Nxe4 dxe4 23. Bxe4 Bxe4 24. Rxe4 Qd5 25. Re1 Rac8 26. Bd2 Red8 27. Qe2 Nf8 28.
Qe4 Bxd4 29. Nxd4 Qxd4 30. Qxd4 Rxd4 31. Bc3 Rd3 32. Ra4 Ne6 33. Rb4 Nf4 34. e6
Nxe6 35. Re4 Rd1+ 36. Kh2 Rf1 37. Kg3 Rd8 38. Rexc4 Rd3+ 39. f3 Ng5 40. Rd4 Re3
41. Rxb3 Nxf3 42. Rd8+ Kh7 43. Kf4 Nd4+ 44. Kxe3 Nxb3 45. Rd6 Rg1 46. Rxa6 Rxg2
47. Rb6 Nxa5 48. Bxa5 Rg3+ 49. Kf4 Rxh3 50. Bc3 f6 51. Rd6 h5 52. Rd1 g5+ 53.
Kf5 Rf3+ 54. Ke6 Kg6 55. Bd4 h4 56. b4 Rb3 57. Bxf6 Rxb4 58. Be5 Rb6+ 59. Kd5
g4 60. Ke4 Rb4+ 61. Bd4 Kg5 62. Ke3 Rb3+ 63. Kf2 g3+ 64. Kg1 Kg4 65. Bf6 h3 66.
Be5 Re3 67. Bxg3 1/2-1/2

[Event "Tradewise Gibraltar Masters 16th"]
[Site "Gibraltar"]
[Date "2018.01.29"]
[Round "7.31"]
[White "Michalik, Peter"]
[Black "Cramling, Pia"]
[Result "1/2-1/2"]
[WhiteElo "2553"]
[BlackElo "2449"]
[PlyCount "61"]
[EventDate "2018.01.23"]
[EventType "swiss"]
[EventRounds "10"]
[EventCountry "GGB"]
[SourceTitle "BritBase"]
[Source "www.saund.co.uk"]
[SourceDate "2018.02.10"]
[SourceVersion "1"]
[SourceVersionDate "2018.02.10"]
[SourceQuality "1"]

1. d4 Nf6 2. c4 e6 3. Nf3 d5 4. g3 dxc4 5. Bg2 a6 6. O-O Nc6 7. e3 Rb8 8. Nfd2
Qd7 9. Nxc4 b5 10. Ncd2 e5 11. Nb3 Bd6 12. dxe5 Nxe5 13. e4 Be7 14. Qc2 O-O 15.
Bf4 Bd6 16. Bxe5 Bxe5 17. Rd1 Qg4 18. N1d2 Bb7 19. Nc5 Ba8 20. Ndb3 Rbd8 21. f3
Qc8 22. Rd3 Rfe8 23. Rad1 Rxd3 24. Nxd3 Bd6 25. Nbc5 a5 26. a3 a4 27. Rc1 Qd8
28. Bf1 Nd7 29. Na6 Ne5 30. Nxe5 Rxe5 31. Qf2 1/2-1/2

[Event "Tradewise Gibraltar Masters 16th"]
[Site "Gibraltar"]
[Date "2018.01.29"]
[Round "7.32"]
[White "Perez Ponsa, Federico"]
[Black "Prithu, Gupta"]
[Result "1/2-1/2"]
[WhiteElo "2553"]
[BlackElo "2373"]
[PlyCount "69"]
[EventDate "2018.01.23"]
[EventType "swiss"]
[EventRounds "10"]
[EventCountry "GGB"]
[SourceTitle "BritBase"]
[Source "www.saund.co.uk"]
[SourceDate "2018.02.10"]
[SourceVersion "1"]
[SourceVersionDate "2018.02.10"]
[SourceQuality "1"]

1. e4 e5 2. Nf3 Nc6 3. Bb5 a6 4. Ba4 Nf6 5. O-O Nxe4 6. d4 b5 7. Bb3 d5 8. dxe5
Be6 9. Be3 Be7 10. c3 O-O 11. Nbd2 Qd7 12. Re1 Rad8 13. Bc2 f5 14. exf6 Nxf6
15. Qb1 h6 16. a4 Ng4 17. axb5 axb5 18. Bd4 Nxd4 19. cxd4 Bb4 20. Qd1 Qd6 21.
h3 Nf6 22. Re3 c5 23. Nb3 Ne4 24. dxc5 Nxc5 25. Nfd4 Ne4 26. f3 Qf4 27. Re2 Bd6
28. g3 Qxg3+ 29. Rg2 Qf4 30. fxe4 Qe3+ 31. Kh1 Qxh3+ 32. Kg1 Qe3+ 33. Kh1 Qh3+
34. Kg1 Qe3+ 35. Kh1 1/2-1/2

[Event "Tradewise Gibraltar Masters 16th"]
[Site "Gibraltar"]
[Date "2018.01.29"]
[Round "7.33"]
[White "Venkatesh, Marani Rajendran"]
[Black "Banusz, Tamas"]
[Result "1-0"]
[WhiteElo "2445"]
[BlackElo "2641"]
[PlyCount "103"]
[EventDate "2018.01.23"]
[EventType "swiss"]
[EventRounds "10"]
[EventCountry "GGB"]
[SourceTitle "BritBase"]
[Source "www.saund.co.uk"]
[SourceDate "2018.02.10"]
[SourceVersion "1"]
[SourceVersionDate "2018.02.10"]
[SourceQuality "1"]

1. e4 e5 2. Nf3 Nc6 3. d4 exd4 4. Nxd4 Nf6 5. Nxc6 bxc6 6. e5 Qe7 7. Qe2 Nd5 8.
c4 Nb6 9. Nc3 Qe6 10. Qe4 g6 11. Bd3 Bg7 12. f4 O-O 13. O-O d5 14. cxd5 cxd5
15. Qf3 f6 16. f5 gxf5 17. exf6 Qxf6 18. Bf4 c6 19. Rae1 Bd7 20. Be5 Qg6 21.
Qf4 Rae8 22. Bxg7 Qxg7 23. Rxe8 Bxe8 24. Bxf5 Kh8 25. Qh4 Nc4 26. Re1 Nxb2 27.
Re7 Bf7 28. Ne2 Nc4 29. Nf4 Re8 30. Ng6+ Bxg6 31. Rxg7 Kxg7 32. Qd4+ Re5 33.
Qxa7+ Kh6 34. Bxg6 hxg6 35. Qc5 Re2 36. Qf8+ Kh7 37. Qf7+ Kh6 38. Qf8+ Kh7 39.
Qf7+ Kh6 40. h4 Re4 41. Qf6 Kh7 42. Qxc6 Ne3 43. Kf2 Nf5 44. Qb7+ Kh6 45. g3
Rd4 46. Qb8 Kg7 47. Qe5+ Kh7 48. h5 Rd2+ 49. Ke1 Rd4 50. Qf6 Re4+ 51. Kd2 Ne7
52. g4 1-0

[Event "Tradewise Gibraltar Masters 16th"]
[Site "Gibraltar"]
[Date "2018.01.29"]
[Round "7.34"]
[White "Gavrilescu, David"]
[Black "Bosiocic, Marin"]
[Result "0-1"]
[WhiteElo "2437"]
[BlackElo "2628"]
[PlyCount "50"]
[EventDate "2018.01.23"]
[EventType "swiss"]
[EventRounds "10"]
[EventCountry "GGB"]
[SourceTitle "BritBase"]
[Source "www.saund.co.uk"]
[SourceDate "2018.02.10"]
[SourceVersion "1"]
[SourceVersionDate "2018.02.10"]
[SourceQuality "1"]

1. e4 c5 2. Nf3 e6 3. g3 Nc6 4. Bg2 Nf6 5. Qe2 Be7 6. O-O O-O 7. c3 e5 8. Rd1
Re8 9. Na3 Bf8 10. d3 d5 11. exd5 Nxd5 12. Nc4 Bg4 13. h3 Bh5 14. Qc2 b5 15.
Ne3 Nxe3 16. Bxe3 Rc8 17. a4 b4 18. Rac1 Rc7 19. Rd2 Rd7 20. Ng5 Nd4 21. Bxd4
cxd4 22. Bc6 Qxg5 23. Bxd7 b3 24. h4 Qh6 25. Qb1 Rd8 0-1

[Event "Tradewise Gibraltar Masters 16th"]
[Site "Gibraltar"]
[Date "2018.01.29"]
[Round "7.35"]
[White "Georgiev, Kiril"]
[Black "Raja, Harshit"]
[Result "1-0"]
[WhiteElo "2623"]
[BlackElo "2427"]
[PlyCount "57"]
[EventDate "2018.01.23"]
[EventType "swiss"]
[EventRounds "10"]
[EventCountry "GGB"]
[SourceTitle "BritBase"]
[Source "www.saund.co.uk"]
[SourceDate "2018.02.10"]
[SourceVersion "1"]
[SourceVersionDate "2018.02.10"]
[SourceQuality "1"]

1. d4 Nf6 2. Nf3 e6 3. c4 b6 4. g3 Bb7 5. Bg2 Be7 6. O-O O-O 7. Bf4 d5 8. Nc3
dxc4 9. Qa4 Nd5 10. Qxc4 Nxf4 11. gxf4 Nd7 12. Rfd1 Qc8 13. d5 Nc5 14. b4 exd5
15. Nxd5 Bxd5 16. Rxd5 Na6 17. Ne5 Bf6 18. Rad1 c6 19. Nxc6 Nxb4 20. Qxb4 Qxc6
21. Rd6 Qc2 22. Bxa8 Rxa8 23. Qd2 Qg6+ 24. Kf1 Re8 25. Qe3 Rf8 26. h3 Qc2 27.
R1d2 Qa4 28. Kg2 Re8 29. Qf3 1-0

[Event "Tradewise Gibraltar Masters 16th"]
[Site "Gibraltar"]
[Date "2018.01.29"]
[Round "7.36"]
[White "Tarjan, James"]
[Black "Papp, Gabor"]
[Result "0-1"]
[WhiteElo "2432"]
[BlackElo "2607"]
[PlyCount "58"]
[EventDate "2018.01.23"]
[EventType "swiss"]
[EventRounds "10"]
[EventCountry "GGB"]
[SourceTitle "BritBase"]
[Source "www.saund.co.uk"]
[SourceDate "2018.02.10"]
[SourceVersion "1"]
[SourceVersionDate "2018.02.10"]
[SourceQuality "1"]

1. c4 e5 2. g3 Nf6 3. Bg2 c6 4. d4 Bb4+ 5. Bd2 Bxd2+ 6. Qxd2 d6 7. Nc3 O-O 8.
e3 exd4 9. Qxd4 Nbd7 10. Nf3 Qa5 11. O-O Ne5 12. b3 Bh3 13. Nh4 Bxg2 14. Kxg2
Rfe8 15. e4 Rad8 16. Rad1 b5 17. cxb5 cxb5 18. Nf5 b4 19. Nd5 Nxd5 20. Qxd5
Qxa2 21. Rd2 Qa6 22. f4 Ng4 23. Qd4 Nf6 24. e5 Qb7+ 25. Kg1 Ne4 26. exd6 f6 27.
Re2 g6 28. Ne7+ Qxe7 29. dxe7 Rxd4 0-1